Entry Personal Name
Number of records used in: 1
001 - CONTROL NUMBER
003 - CONTROL NUMBER IDENTIFIER
005 - DATE AND TIME OF LATEST TRANSACTION
- control field:
20230921162753.0
008 - FIXED-LENGTH DATA ELEMENTS
- fixed length control field:
120321n| acannaabn |n aaa c
010 ## - LIBRARY OF CONGRESS CONTROL NUMBER
- LC control number:
no2012040937
035 ## - SYSTEM CONTROL NUMBER
- System control number:
(OCoLC)oca09150125
040 ## - CATALOGING SOURCE
- Original cataloging agency:
MoU
- Language of cataloging:
eng
- Transcribing agency:
MoU
100 1# - HEADING--PERSONAL NAME
- Personal name:
Balabanlilar, Lisa,
- Dates associated with a name:
1958-
670 ## - SOURCE DATA FOUND
- Source citation:
Imperial identity in the Mughal Empire, 2012:
- Information found:
t.p. (Lisa Balabanlilar) p. i (Asst. Professor of South and Central Asian history at Rice Univ, Tex.)
670 ## - SOURCE DATA FOUND
- Source citation:
OCLC, searched Mar. 21, 2012
- Information found:
(hdgs.: Balabanlilar, Lisa A., 1958- ; Balabanlilar, Lisa Ann; usages: Lisa A. Balabanlilar, Lisa Ann Balabanlilar)